Online
Catalog
Normal view MARC view

Entry Nombre corporativo

Number of records used in: 7

001 - NÚMERO DE CONTROL

  • campo de control: 70981

003 - IDENTIFICADOR DEL NÚMERO DE CONTROL

  • campo de control: BNPHU

005 - FECHA Y HORA DE LA ÚLTIMA TRANSACCIÓN

  • campo de control: 20241008095147.0

008 - DATOS DE LONGITUD FIJA

  • campo de control de longitud fija: 200615|| aca||aabn | a|a d

010 ## - NÚMERO DE CONTROL DE LA BIBLIOTECA DEL CONGRESO

  • Número de control de LC: no2018173384

040 ## - FUENTE DE LA CATALOGACIÓN

  • Centro catalogador/agencia de origen: DO-SdBNP
  • Lengua de catalogación: spa
  • Centro/agencia transcriptor: BNPHU
  • Normas de descripción: spa

110 2# - ENCABEZAMIENTO-NOMBRE DE ENTIDAD CORPORATIVA

  • Nombre de entidad corporativa o nombre de jurisdicción como elemento de entrada: Consejo Presidencial del SIDA (República Dominicana)

368 ## - OTROS ATRIBUTOS DE PERSONA O ENTIDAD CORPORATIVA

  • Tipo de entidad corporativa: Agencias administrativas

370 ## - LUGAR ASOCIADO

  • Lugar de nacimiento: Santo Domingo (República Dominicana)

410 1# - TRAZADO DE VÉASE--NOMBRE DE ENTIDAD CORPORATIVA

  • Nombre de entidad corporativa o nombre de jurisdicción como elemento de entrada: República Dominicana
  • Unidad subordinada: Consejo Presidencial del SIDA

410 1# - TRAZADO DE VÉASE--NOMBRE DE ENTIDAD CORPORATIVA

  • Nombre de entidad corporativa o nombre de jurisdicción como elemento de entrada: COPRESIDA (República Dominicana)

670 ## - FUENTE DE DATOS ENCONTRADOS

  • Cita de la fuente: Work cat.: (OSt)42833: Plan estratégico nacional (PEN) para la prevención y el control de las ITS,VIH y SIDA 2007-2015 :, 2007.

670 ## - FUENTE DE DATOS ENCONTRADOS

  • Cita de la fuente: Memoria de una gestión, diciembre 2010:
  • Información encontrada: portada (Consejo Presidencial del Sida, COPRESIDA) verso portada (Consejo Presidencial del Sida; Santo Domingo, R. D.)

670 ## - FUENTE DE DATOS ENCONTRADOS

  • Identificador Uniforme del Recurso: https://authorities.loc.gov/cgi-bin/Pwebrecon.cgi?AuthRecID=10933091&v1=1&HC=1&SEQ=20241008093744&PID=Upy2NlPC0VjSQTtwbwgSGfSUWTNtw Consultado en 08 de octubre, 2024

Powered by Koha